5HLuxD.jpg

KING HENRY VIII SENIOR AND PRIMARY SCHOOL LIBRARY OPAC

Keesha's house / (Record no. 195)

000 -LEADER
fixed length control field 02335nam a2200601 a 4500
001 - CONTROL NUMBER
control field 733231388
003 - CONTROL NUMBER IDENTIFIER
control field OCoLC
005 - DATE AND TIME OF LATEST TRANSACTION
control field 20190731104839.0
008 - FIXED-LENGTH DATA ELEMENTS--GENERAL INFORMATION
fixed length control field 110626t20132003nyu c 000 1 eng d
020 ## - INTERNATIONAL STANDARD BOOK NUMBER
International Standard Book Number 9780312641276
020 ## - INTERNATIONAL STANDARD BOOK NUMBER
International Standard Book Number 0312641273
035 ## - SYSTEM CONTROL NUMBER
System control number (OCoLC)733231388
040 ## - CATALOGING SOURCE
Original cataloging agency BTCTA
Language of cataloging eng
Transcribing agency BTCTA
Modifying agency BDX
-- FOLLT
-- ISL
-- OCLCF
-- OCLCO
-- YDXCP
-- OCLCQ
-- OCLCO
-- NYP
049 ## - LOCAL HOLDINGS (OCLC)
Holding library NYPP
050 #4 - LIBRARY OF CONGRESS CALL NUMBER
Classification number PZ7.F9205
Item number Ke 2013
082 04 - DEWEY DECIMAL CLASSIFICATION NUMBER
Classification number FIC FRO
Edition number 23
091 ## - MICROFILM SHELF LOCATION (AM) [OBSOLETE]
Microfilm shelf location FIC
100 1# - MAIN ENTRY--PERSONAL NAME
Personal name Frost, Helen,
Dates associated with a name 1949-
Relator term author
245 10 - TITLE STATEMENT
Title Keesha's house /
Statement of responsibility, etc. Helen Frost.
250 ## - EDITION STATEMENT
Edition statement First Square Fish edition.
264 #1 - PRODUCTION, PUBLICATION, DISTRIBUTION, MANUFACTURE, AND COPYRIGHT NOTICE
Place of production, publication, distribution, manufacture New York :
Name of producer, publisher, distributor, manufacturer Square Fish,
Date of production, publication, distribution, manufacture, or copyright notice 2013.
264 #4 - PRODUCTION, PUBLICATION, DISTRIBUTION, MANUFACTURE, AND COPYRIGHT NOTICE
Date of production, publication, distribution, manufacture, or copyright notice ℗♭2003.
300 ## - PHYSICAL DESCRIPTION
Extent ix, 120 pages ;
Dimensions 21 cm.
336 ## - CONTENT TYPE
Content type term text
Content type code txt
Source rdacontent.
337 ## - MEDIA TYPE
Media type term unmediated
Media type code n
Source rdamedia.
338 ## - CARRIER TYPE
Carrier type term volume
Carrier type code nc
Source rdacarrier.
505 0# - FORMATTED CONTENTS NOTE
Formatted contents note Part 1: How I see it -- Part 2: White walls -- Part 3: On their own -- Part 4: The deep end -- Part 5: We pass each other -- Part 6: Keesha's house -- Part 7: Finding heartbeats -- Part 8: Paint and paintbrush -- Notes on the forms -- Acknowledgments.
520 ## - SUMMARY, ETC.
Summary, etc. Seven teens facing such problems as pregnancy, closeted homosexuality, and abuse each describe in poetic forms what caused them to leave home and where they found home again.
586 ## - AWARDS NOTE
Awards note Michael L. Printz Honor for Excellence in Young Adult Literature, 2004.
650 #0 - SUBJECT ADDED ENTRY--TOPICAL TERM
Topical term or geographic name entry element Teenagers
Form subdivision Juvenile fiction.
650 #0 - SUBJECT ADDED ENTRY--TOPICAL TERM
Topical term or geographic name entry element Home
Form subdivision Juvenile fiction.
650 #0 - SUBJECT ADDED ENTRY--TOPICAL TERM
Topical term or geographic name entry element Dysfunctional families
Form subdivision Juvenile fiction.
650 #0 - SUBJECT ADDED ENTRY--TOPICAL TERM
Topical term or geographic name entry element Interpersonal relations
Form subdivision Juvenile fiction.
650 #0 - SUBJECT ADDED ENTRY--TOPICAL TERM
Topical term or geographic name entry element Poetry.
650 #1 - SUBJECT ADDED ENTRY--TOPICAL TERM
Topical term or geographic name entry element Teenagers
Form subdivision Fiction.
650 #1 - SUBJECT ADDED ENTRY--TOPICAL TERM
Topical term or geographic name entry element Home
Form subdivision Fiction.
650 #1 - SUBJECT ADDED ENTRY--TOPICAL TERM
Topical term or geographic name entry element Family problems
Form subdivision Fiction.
650 #1 - SUBJECT ADDED ENTRY--TOPICAL TERM
Topical term or geographic name entry element Interpersonal relations
Form subdivision Fiction.
650 #1 - SUBJECT ADDED ENTRY--TOPICAL TERM
Topical term or geographic name entry element Novels in verse.
650 #1 - SUBJECT ADDED ENTRY--TOPICAL TERM
Topical term or geographic name entry element Poetry.
650 #7 - SUBJECT ADDED ENTRY--TOPICAL TERM
Topical term or geographic name entry element Dysfunctional families.
Source of heading or term fast
Authority record control number or standard number (OCoLC)fst01728523.
650 #7 - SUBJECT ADDED ENTRY--TOPICAL TERM
Topical term or geographic name entry element Home.
Source of heading or term fast
Authority record control number or standard number (OCoLC)fst00959074.
650 #7 - SUBJECT ADDED ENTRY--TOPICAL TERM
Topical term or geographic name entry element Interpersonal relations.
Source of heading or term fast
Authority record control number or standard number (OCoLC)fst00977397.
650 #7 - SUBJECT ADDED ENTRY--TOPICAL TERM
Topical term or geographic name entry element Poetry.
Source of heading or term fast
Authority record control number or standard number (OCoLC)fst01067691.
650 #7 - SUBJECT ADDED ENTRY--TOPICAL TERM
Topical term or geographic name entry element Teenagers.
Source of heading or term fast
Authority record control number or standard number (OCoLC)fst01145551.
655 #7 - INDEX TERM--GENRE/FORM
Genre/form data or focus term Fiction.
Source of term fast
Authority record control number or standard number (OCoLC)fst01423787.
655 #7 - INDEX TERM--GENRE/FORM
Genre/form data or focus term Juvenile works.
Source of term fast
Authority record control number or standard number (OCoLC)fst01411637.
901 ## - LOCAL DATA ELEMENT A, LDA (RLIN)
a MARS
901 ## - LOCAL DATA ELEMENT A, LDA (RLIN)
a kts
b CATBL
908 #4 - PUT COMMAND PARAMETER (RLIN)
Put command parameter PZ7.F9205
942 ## - ADDED ENTRY ELEMENTS (KOHA)
Source of classification or shelving scheme
Koha item type Books - Fiction
946 ## - LOCAL PROCESSING INFORMATION (OCLC)
a m
Holdings
Withdrawn status Lost status Source of classification or shelving scheme Damaged status Not for loan Collection code Permanent Location Current Location Shelving location Date acquired Total Checkouts Full call number Barcode Date last seen Date last checked out Price effective from Koha item type
          Fiction KH8 Senior School Library KH8 Senior School Library Young Adult 2019-07-31 1 FIC FRO 3KHSL000101096 2024-12-04 2024-10-24 2019-07-31 Books - Fiction

Powered By KH8 IT Dept